Vnútorné smernice v účtovnej jednotke verejnej správy

Vnútorná smernica je nevyhnutná na preukázanie vedenia účtovníctva účtovnej jednotky verejnej správy. Prehľad smerníc.

Salvato in:
Dettagli Bibliografici
Autore principale: Marcin Jakubíková, Hana
Natura: Capitolo di libro
Lingua:slovacco
Soggetti:
Tags: Aggiungi Tag
Nessun Tag, puoi essere il primo ad aggiungerne!!

MARC

LEADER 00000naa a2200000 4500
001 0237530
005 20230714075404.7
041 0 |a slo 
044 |a SK 
245 1 0 |a Vnútorné smernice v účtovnej jednotke verejnej správy  |c Hana Marcin Jakubíková 
520 |a Vnútorná smernica je nevyhnutná na preukázanie vedenia účtovníctva účtovnej jednotky verejnej správy. Prehľad smerníc. 
610 2 0 |a jednotka účtovná 
610 2 0 |a správa verejná 
610 2 0 |a vedenie účtovníctva 
610 2 0 |a smernice 
100 1 |a Marcin Jakubíková, Hana